Improved oil recovery by surfactant and polymer flooding (Record no. 27898)

MARC details
000 -LEADER
fixed length control field 00327nam a2200121Ia 4500
082 ## - DEWEY DECIMAL CLASSIFICATION NUMBER
Classification number 678:62
Item number SHA
245 #0 - TITLE STATEMENT
Title Improved oil recovery by surfactant and polymer flooding
260 ## - PUBLICATION, DISTRIBUTION, ETC. (IMPRINT)
Place of publication New York
Name of publisher Academic
Year of publication 1977
700 ## - ADDED ENTRY--PERSONAL NAME
Personal name Schechter, R S
700 ## - ADDED ENTRY--PERSONAL NAME
Personal name Shah, D O
942 ## - ADDED ENTRY ELEMENTS (KOHA)
Koha item type Books
Holdings
Withdrawn status Lost status Damaged status Not for loan Home library Current library Date acquired Cost, normal purchase price Full call number Accession Number Koha item type
        RRII Library RRII Library 16/12/2021 23.50 678:62 SHA 08513 Books